Funeral handbook. (Record no. 8728)

000 -LEADER
fixed length control field 00530nam a2200181 a 4500
001 - CONTROL NUMBER
control field :::00006506$&:&@@
003 - CONTROL NUMBER IDENTIFIER
control field OkBaRHE
005 - DATE AND TIME OF LATEST TRANSACTION
control field 20000607103331.0
008 - FIXED-LENGTH DATA ELEMENTS--GENERAL INFORMATION
fixed length control field s1982 j 000 0 eng u
040 ## - CATALOGING SOURCE
Transcribing agency
100 1# - MAIN ENTRY--PERSONAL NAME
Personal name Rest, Friedrich, 1913-
245 10 - TITLE STATEMENT
Title Funeral handbook.
260 ## - PUBLICATION, DISTRIBUTION, ETC. (IMPRINT)
Place of publication, distribution, etc Valley Forge, PA., :
Name of publisher, distributor, etc Judson Press
Date of publication, distribution, etc c1982
300 ## - PHYSICAL DESCRIPTION
Extent 144 p. ;
Dimensions 16 cm.
650 ## - SUBJECT ADDED ENTRY--TOPICAL TERM
Topical term or geographic name as entry element Funeral Service
942 ## - ADDED ENTRY ELEMENTS (KOHA)
Source of classification or shelving scheme
Koha item type Books
Copies
Current Location Date last seen Barcode Total Checkouts Date checked out Not for loan Koha item type Copy number Withdrawn status Date acquired Lost status Source of classification or shelving scheme Permanent Location Full call number Shelving location Price effective from Damaged status
RHEMA Bible Training College2018-01-30650612018-01-19 Books1 2010-04-14  RHEMA Bible Training CollegeBV 199 .F8R47General Stacks2010-04-14